| 000 | 00696nam a22002417a 4500 | ||
|---|---|---|---|
| 003 | UA-OsUOA | ||
| 001 | 70872 | ||
| 007 | ta | ||
| 008 | 20100922b un ||||| |||| 00| 0 ukr d | ||
| 100 | _aБаранов В. | ||
| 090 |
_a821.161.2-1 _bБ24 |
||
| 942 | _cBK | ||
| 040 |
_aUA-OsUOA _bukr _cUA-OsUOA _dUA-OsUOA |
||
| 245 |
_aПоворожи на вранішній зорі _bВірші різних літ |
||
| 300 | _a95 с. | ||
| 955 | _a2 | ||
| 041 | _aukr | ||
| 080 | _a821.161.2-1 | ||
| 020 | _a966-579-081-1 | ||
| 260 |
_aК. _bУкраїнський письменник _c2001 |
||
| 650 | 7 |
_a82 Література. Літературознавство _2UDC |
|
| 999 |
_c357128 _d357128 |
||